| 000 | 00882nam a22002655i 4500 | ||
|---|---|---|---|
| 001 | 176803 | ||
| 003 | ES-MaACL | ||
| 005 | 20250815110844.0 | ||
| 008 | 110210s1970 sp ao |||| | spa d | ||
| 080 | _a555.1 | ||
| 080 | _a523.31 | ||
| 100 | 1 |
_aDerrey, François. _9145150 |
|
| 245 | 1 | 3 |
_aLa tierra, planeta desconocido / _c[François Derrey ; traducción de Vicente de Artadi]. |
| 250 | _a1ª ed. | ||
| 260 |
_aEsplugas de Llobregat (Barcelona) : _bPlaza & Janés, _c1970. |
||
| 300 |
_a255 p. : _bil. bl. y n. ; _c18 cm. |
||
| 490 | 1 |
_aEnciclopedia Horizonte ; _v11 |
|
| 504 | _aBibliografía: p. 254-255. | ||
| 650 | 0 | 7 |
_aGeología _2embne _913086 |
| 650 | 4 |
_aTierra (Planeta) _9178412 |
|
| 700 | 0 |
_aArtadi, Vicente de. _923414 |
|
| 830 | 0 |
_aEnciclopedia Horizonte ; _v11 _9190248 |
|
| 852 |
_aES-MaACL _jE-14280 _xOlim P-1404 |
||
| 999 |
_c176803 _d176803 |
||